000 00586nam a22001937a 4500
005 20260128143520.0
010 _aENG-147685
020 _a9789355462718
_c475.00
035 _aEN-131217
037 _bDBAD
082 _21
_aN
100 _aHemingway, Ernest
_986967
245 _aFor Whom the Bell Tolls/
_cErnest Hemingway
250 _a1
260 _aEast Delhi
_bPharos Books
_c2023
270 _aPlot No. -63 Main Mother Dairy Road Pandav Nagar, East Delhi
_bEast Delhi
_e110092
_k011-403958555
_msales@pharosbooks.in
300 _a552p.
_c21cm(pb)
942 _2ddc
_cEN
_hN
_mHEM
999 _c214582
_d214582